Geboren in Mönchengladbach - Statistiken

Allgemein
  • Dieses Quiz wurde 63 mal gespielt
    36 seit der letzten Aktualisierung
  • Das Durchschnittsergebnis liegt bei 7 aus 22
Antwortstatistiken
Hinweis Antwort % Korrekt
Nationaltorwart, FC Barcelona 1992 Marc-André ter Stegen
76%
Fernsehmoderator, bekannt geworden im Duo mit Klaas Heufer-Umlauf 1979 Joko Winterscheidt
70%
ehemaliger Nationalspieler (Borussia, Real Madrid) 1944 Günter Netzer
67%
langjähriger "Fohlen" und Nationalspieler, später Trainer von Bayern München und Real Madrid 1945 Jupp Heynckes
64%
Propagandaminister und enger Vertrauter von Adolf Hitler, "Totaler Krieg"-Rede 1897 Joseph Goebbels
61%
ehemaliger Nationalspieler (Borussia, HSV, Bayern,) und heutiger Präsident des Hamburger SV 1985 Marcell Jansen
48%
Ingenieur und Flugzeugkonstrukteur 1859 Hugo Junkers
42%
Sportdirektor von Borussia Mönchengladbach 1966 Roland Virkus
42%
Begründer der Pilates-Bewegung 1883 Joseph H. Pilates
39%
RTL-Sportmoderator, vor allem Formel 1 und Boxen 1964 Kai Ebel
39%
ehemaliger Rennfahrer und Formel 1 Vizeweltmeister 1967 Heinz-Harald Frentzen
36%
früherer Formel 1 Fahrer, vor allem für Sauber 1977 Nick Heidfeld
33%
Bürgermeister von Mönchengladbach und SPD-Politiker 1989 Felix Heinrichs
30%
Präsident von Borussia Mönchengladbach 1941 Rolf Königs
21%
ehemaliger Präsident des Verfassungsschutzes und kontroverser CDU-Politiker 1962 Hans-Georg Maaßen
18%
Comiczeichner und Autor, Erfinder von Käpt'n Blaubär 1957 Walter Moers
12%
berühmter Tierfilmer 1917 Heinz Sielmann
6%
Erfinder der Penaten-Creme 1868 Max Riese
6%
ehemaliger Fußballer (Borussia, VfB Stuttgart) und späterer Trainer 1964 Michael Frontzeck
6%
ZDF-Fernsehjournalistin, "Berlin direkt" 1973 Shakuntala Banerjee
3%
CDU-Politiker und von 1958 bis 1966 Ministerpräsident von Nordrhein-Westfalen 1908 Franz Meyers
0%
Rekordtorschützin der norwegischen Frauennationalmannschaft 1988 Isabell Herlovsen
0%
Keine übereinstimmenden Quizze gefunden
Verteilung der Resultate
Anzahl Personen mit jedem Resultat
Perzentil nach korrekt beantworteten Fragen
Ihre Resultats-Entwicklung
Sie haben dieses Quiz seit der letzten Aktualisierung nicht gespielt